ARRUPE JESUIT UNIVERSITY

CORONAVIRUS -STOP THE SPREAD - CLEAN,DISINFECT,COVER

Rabbinic literature : (Record no. 128301)

MARC details
000 -LEADER
fixed length control field 01600cam a2200385 i 4500
001 - CONTROL NUMBER
control field 19256972
003 - CONTROL NUMBER IDENTIFIER
control field ARRUPE
005 - DATE AND TIME OF LATEST TRANSACTION
control field 20181003100844.0
008 - FIXED-LENGTH DATA ELEMENTS--GENERAL INFORMATION
fixed length control field 160706s2016 it b 001 0 eng d
010 ## - LIBRARY OF CONGRESS CONTROL NUMBER
LC control number 2016406492
020 ## - INTERNATIONAL STANDARD BOOK NUMBER
International Standard Book Number 9788876536908 :
Terms of availability 30.00 EUR
035 ## - SYSTEM CONTROL NUMBER
System control number (ItFiC)3139560
040 ## - CATALOGING SOURCE
Original cataloging agency ItFiC
Transcribing agency ItFiC
Description conventions rda
Modifying agency DLC
041 0# - LANGUAGE CODE
Language code of text/sound track or separate title eng
-- ger
042 ## - AUTHENTICATION CODE
Authentication code lccopycat
050 00 - LIBRARY OF CONGRESS CALL NUMBER
Classification number BS1186
Item number .N4782 2016
300 ## - PHYSICAL DESCRIPTION
Dimensions 23 cm.
100 1# - MAIN ENTRY--PERSONAL NAME
Personal name Neudecker, Reinhard,
Dates associated with a name 1938-
Relator term author.
9 (RLIN) 42719
245 10 - TITLE STATEMENT
Title Rabbinic literature :
Remainder of title a rich source for the interpretation and implementation of the Old and New Testaments : selected essays /
Statement of responsibility, etc Reinhard Neudecker.
260 ## - PUBLICATION, DISTRIBUTION, ETC. (IMPRINT)
Place of publication, distribution, etc Roma
Name of publisher, distributor, etc Gregorian and Biblical Press
Date of publication, distribution, etc 2016
300 ## - PHYSICAL DESCRIPTION
Extent 255 p. ;
490 0# - SERIES STATEMENT
Series statement Analecta Biblica. Studia ;
Volume number/sequential designation 7
504 ## - BIBLIOGRAPHY, ETC. NOTE
Bibliography, etc Includes bibliographical references (pages 245-247) and index.
546 ## - LANGUAGE NOTE
Language note Essays in English and German.
630 00 - SUBJECT ADDED ENTRY--UNIFORM TITLE
Uniform title Bible.
Name of part/section of a work Old Testament
General subdivision Criticism, interpretation, etc., Jewish.
9 (RLIN) 42720
650 #0 - SUBJECT ADDED ENTRY--TOPICAL TERM
Topical term or geographic name as entry element Rabbinical literature
General subdivision Relation to the New Testament.
9 (RLIN) 42721
650 #0 - SUBJECT ADDED ENTRY--TOPICAL TERM
Topical term or geographic name as entry element Rabbinical literature
General subdivision History and criticism.
9 (RLIN) 11811
856 41 - ELECTRONIC LOCATION AND ACCESS
Materials specified Table of contents only
Uniform Resource Identifier <a href="http://www.loc.gov/catdir/toc/casalini16/3139560.pdf">http://www.loc.gov/catdir/toc/casalini16/3139560.pdf</a>
906 ## - LOCAL DATA ELEMENT F, LDF (RLIN)
a 7
b cbc
c copycat
d u
e ncip
f 20
g y-gencatlg
942 ## - ADDED ENTRY ELEMENTS (KOHA)
Source of classification or shelving scheme Library of Congress Classification
Koha item type Monograph ( Printed materials)
Holdings
Withdrawn status Lost status Source of classification or shelving scheme Damaged status Not for loan Collection code Home library Current library Shelving location Date acquired Total Checkouts Full call number Barcode Date last seen Price effective from Koha item type
    Library of Congress Classification     Main Collection ARRUPE LIBRARY ARRUPE LIBRARY Main Collection 03/10/2018   BS1186 .N4782 2016 46600002868 03/10/2018 03/10/2018 Monograph ( Printed materials)

 

Arrupe Library. PO Box MP320 Mt Pleasant, Harare, Zimbabwe
263 242 745411|librarian@aju.ac.zw